000 00537nam a2200157 4500
008 170330b xxu||||| |||| 00| 0 eng d
022 _a01153544
082 _aDPer 338.05 En86 Apr-Jul 2015 v. 15, n. 158-161
100 _919674
_aO'Brien, Gael
245 _aIt's all your fault!:
_bcalling a timeout on the blame game/
_cGael O'Brien.
260 _aPhilippines:
_bSummit Media,
_cApr-Jul 2015.
300 _av15 n161, page 23:
_billustrations,
_c28 cm.
500 _aEntrepreneur.
650 0 _919675
_aWork ethic
942 _2ddc
_cPER
999 _c6502
_d6502